[Event "1. Bundesliga 2019/2020"]
[Site "Volkshaus Bindermichl, Linz"]
[Date "2019.10.11"]
[Round "2"]
[Board "5"]
[White "Halvax, Georg"]
[Black "Diermair, Andreas"]
[Result "0-1"]
[WhiteElo "2415"]
[BlackElo "2477"]
[PlyCount "104"]
[EventDate "2019.10.10"]
[EventType "team"]
[EventRounds "11"]
[EventCountry "AUT"]
[WhiteTeam "SC MPOE Maria Saal"]
[BlackTeam "SV Raika Rapid Feffernitz"]

1.d4 Nf6 2.c4 e6 3.Nf3 c5 4.d5 exd5 5.cxd5 d6 6.Nc3 g6 7.Bf4 Bg7 8.Qa4+ Bd7 9.Qb3
Qc7 10.e4 O-O 11.Nd2 Nh5 12.Be3 f5 13.exf5 Bxf5 14.Be2 Nf6 15.Nc4 Qe7 16.O-O Na6 17.Rad1
Rab8 18.Bf4 Ne8 19.Rfe1 Qd7 20.Ne3 Nac7 21.a4 Bc2 22.Qxc2 Rxf4 23.Ne4 Qe7 24.Bd3 Bd4
25.Re2 Qf8 26.Ng5 Rxf2 27.Rxf2 Bxe3 28.Rdf1 Nf6 29.Nh3 Qg7 30.Kh1 Bxf2 31.Rxf2 Re8
32.Rf1 Nd7 33.Ng5 Rf8 34.Re1 Ne5 35.Be4 Qf6 36.Nf3 Re8 37.b4 Nxf3 38.gxf3 Na6 39.b5
Nb8 40.Qd2 Nd7 41.Qa5 Ne5 42.Rf1 Qf4 43.Kg1 Qe3+ 44.Kg2 Nc4 45.Qc7 Qe2+ 46.Rf2 Ne3+
47.Kg3 Qe1 48.Qd7 Rf8 49.Qe6+ Kg7 50.f4 Nd1 51.f5 Qxf2+ 52.Kh3 Qe3+ 0-1

[Event "1. Bundesliga 2019/2020"]
[Site "Volkshaus Bindermichl, Linz"]
[Date "2019.10.11"]
[Round "2"]
[Board "6"]
[White "Sebenik, Matej"]
[Black "Naumann, Alexander"]
[Result "1/2-1/2"]
[WhiteElo "2498"]
[BlackElo "2539"]
[PlyCount "60"]
[EventDate "2019.10.10"]
[EventType "team"]
[EventRounds "11"]
[EventCountry "AUT"]
[WhiteTeam "SV Raika Rapid Feffernitz"]
[BlackTeam "SC MPOE Maria Saal"]

1.Nf3 c5 2.c4 Nf6 3.Nc3 d5 4.cxd5 Nxd5 5.e3 Nxc3 6.bxc3 g6 7.h4 Bg7 8.h5 Nc6 9.Ba3
Qd5 10.Qa4 Bd7 11.hxg6 hxg6 12.Rxh8+ Bxh8 13.Qh4 Bf6 14.Bc4 Qf5 15.Qh7 O-O-O 16.O-O-O
Be6 17.Bxe6+ Qxe6 18.Qh3 Qxh3 19.gxh3 c4 20.Rg1 Rh8 21.Rg3 Rh5 22.Ne1 Ra5 23.Kb2 Bh4
24.Rg4 Bxf2 25.Nf3 Rb5+ 26.Kc2 Ra5 27.Kb2 Rb5+ 28.Kc2 Ra5 29.Kb2 Rb5+ 30.Kc2 Ra5 1/2-1/2

[Event "1. Bundesliga 2019/2020"]
[Site "Volkshaus Bindermichl, Linz"]
[Date "2019.10.12"]
[Round "3"]
[Board "1"]
[White "Lenic, Luka"]
[Black "Krassowizkij, Jaroslaw"]
[Result "1-0"]
[WhiteElo "2627"]
[BlackElo "2448"]
[PlyCount "89"]
[EventDate "2019.10.10"]
[EventType "team"]
[EventRounds "11"]
[EventCountry "AUT"]
[WhiteTeam "SV Raika Rapid Feffernitz"]
[BlackTeam "SK Sparkasse Goetzis"]

1.d4 Nf6 2.c4 g6 3.Nc3 d5 4.cxd5 Nxd5 5.e4 Nxc3 6.bxc3 Bg7 7.Nf3 c5 8.Be3 O-O 9.Qd2
Qa5 10.Rc1 Rd8 11.d5 e6 12.Bg5 f6 13.Be3 Nc6 14.Bd3 exd5 15.exd5 c4 16.Bxc4 Be6 17.Rd1
Ne7 18.dxe6 Rxd2 19.Rxd2 Qxc3 20.Bb3 Qa1+ 21.Rd1 Qc3+ 22.Rd2 Qa1+ 23.Rd1 Qc3+ 24.Ke2
Qb4 25.Rd4 Qb5+ 26.Bc4 Qb2+ 27.Nd2 b6 28.Rd7 Re8 29.Rb1 Qc2 30.Rxa7 Nf5 31.e7+ Kh8
32.Rxb6 Nxe3 33.fxe3 f5 34.Rd6 Bc3 35.Bb3 Qc1 36.Rd8 Kg7 37.Rc7 Kf6 38.Rxc3 Qxc3 39.Rxe8
Qc6 40.Rf8+ Kxe7 41.Rf7+ Ke8 42.Nf3 h6 43.h4 Qe4 44.Rf6 Qg4 45.Bf7+  1-0

[Event "1. Bundesliga 2019/2020"]
[Site "Volkshaus Bindermichl, Linz"]
[Date "2019.10.12"]
[Round "3"]
[Board "2"]
[White "Walter, Stefan"]
[Black "Skoberne, Jure"]
[Result "0-1"]
[WhiteElo "2390"]
[BlackElo "2561"]
[PlyCount "80"]
[EventDate "2019.10.10"]
[EventType "team"]
[EventRounds "11"]
[EventCountry "AUT"]
[WhiteTeam "SK Sparkasse Goetzis"]
[BlackTeam "SV Raika Rapid Feffernitz"]

1.d4 d5 2.c4 c6 3.cxd5 cxd5 4.Bf4 Nc6 5.e3 Nf6 6.Nc3 a6 7.Be2 Bf5 8.g4 Be4 9.f3 Bg6
10.Kf2 e6 11.h4 h5 12.g5 Ng8 13.Rc1 Nge7 14.Na4 Nc8 15.Nc5 Bxc5 16.Rxc5 O-O 17.Nh3
Qe7 18.Rc1 Nd6 19.Bxd6 Qxd6 20.Nf4 Rad8 21.Qd2 e5 22.dxe5 Qxe5 23.Rc5 Ne7 24.Qc3 Qb8
25.Rd1 Rd7 26.Qb4 Rfd8 27.Qb6 Nf5 28.Rdc1 d4 29.Rc7 dxe3+ 30.Ke1 Kh7 31.R1c3 Nxh4
32.a4 Rd4 33.Nxg6 Nxg6 34.Rxe3 R8d7 35.Rec3 Qd8 36.Qxb7 Qxg5 37.Rxd7 Qg1+ 38.Bf1 Qg3+
39.Ke2 Nf4+ 40.Ke3 Qg1#  0-1

[Event "1. Bundesliga 2019/2020"]
[Site "Volkshaus Bindermichl, Linz"]
[Date "2019.10.12"]
[Round "3"]
[Board "3"]
[White "Danin, Alexandre"]
[Black "Kessler, Luca"]
[Result "1-0"]
[WhiteElo "2525"]
[BlackElo "2434"]
[PlyCount "219"]
[EventDate "2019.10.10"]
[EventType "team"]
[EventRounds "11"]
[EventCountry "AUT"]
[WhiteTeam "SV Raika Rapid Feffernitz"]
[BlackTeam "SK Sparkasse Goetzis"]

1.e4 d6 2.d4 Nf6 3.Nc3 e5 4.Nf3 Nbd7 5.Bc4 Be7 6.O-O O-O 7.a4 c6 8.Ba2 Re8 9.h3 Qc7
10.Be3 Bf8 11.Re1 b6 12.Qe2 exd4 13.Bxd4 h6 14.Nh4 Bb7 15.Ng6 c5 16.Nxf8 Kxf8 17.Bxf6
Nxf6 18.Qd3 Qe7 19.Rad1 Rad8 20.Qd2 Bc6 21.f3 Rd7 22.Qf2 Qe5 23.Re2 Red8 24.Bc4 Re8
25.Red2 Red8 26.Re2 Re8 27.Rd3 Qh5 28.Red2 Red8 29.b3 Qg6 30.Bd5 Bxd5 31.Nxd5 Nxd5
32.Rxd5 Qe6 33.Qg3 f6 34.h4 Kf7 35.h5 Kf8 36.Qg6 Kg8 37.Kh2 Kh8 38.Kg3 Kg8 39.Qg4
Kf7 40.Qg6+ Kg8 41.R2d3 Kf8 42.Qh7 Kf7 43.Kh2 Kf8 44.Rd2 Kf7 45.g4 Kf8 46.Kg3 Re8
47.Qg6 Red8 48.R2d3 Kg8 49.Kf4 Kf8 50.Ke3 Qf7 51.Qf5 Ke7 52.Qf4 Qe6 53.Rd2 Ke8 54.Kf2
Ke7 55.Qe3 Kf7 56.Qd3 Ke7 57.Qb5 Rc7 58.Qc4 Rcd7 59.Kg3 Rc7 60.Rd1 Rcd7 61.Qd3 Rc7
62.Qc4 Rcd7 63.Kf2 Rc7 64.Ke2 Qc8 65.Kd2 Qe6 66.Kc1 Rcd7 67.Kb1 Rc7 68.Rg1 Kd7 69.f4
Kc8 70.e5 fxe5 71.fxe5 Kb7 72.Rgd1 Rc6 73.Qe4 Kb8 74.Qc4 Kb7 75.Ka2 Rd7 76.R1d3 Kc7
77.Kb1 Kb7 78.Qe4 Kb8 79.Qc4 Kb7 80.Qc3 g6 81.Qd2 gxh5 82.gxh5 Kc7 83.Qc3 Rd8 84.Qc4
Rd7 85.Rd1 Qe7 86.Qa6 Kb8 87.Qd3 Kc7 88.Qg6 Qf8 89.Qe6 Rd8 90.Qg6 Rd7 91.e6 Re7 92.Rf5
Qe8 93.Rf7 d5 94.Rxe7+ Qxe7 95.Re1 c4 96.Qxh6 cxb3 97.Qf4+ Kc8 98.cxb3 Qh7+ 99.Ka1
Qd3 100.Qe3 Qxe3 101.Rxe3 Kd8 102.Kb2 Ke7 103.h6 Rc8 104.h7 Rh8 105.Rh3 Kxe6 106.Kc3
Ke5 107.Kd3 Kf6 108.Kd4 Kg7 109.b4 a6 110.Rh2  1-0

[Event "1. Bundesliga 2019/2020"]
[Site "Volkshaus Bindermichl, Linz"]
[Date "2019.10.12"]
[Round "3"]
[Board "4"]
[White "Anistratov, Dmitrij"]
[Black "Schreiner, Peter"]
[Result "1/2-1/2"]
[WhiteElo "2237"]
[BlackElo "2440"]
[PlyCount "116"]
[EventDate "2019.10.10"]
[EventType "team"]
[EventRounds "11"]
[EventCountry "AUT"]
[WhiteTeam "SK Sparkasse Goetzis"]
[BlackTeam "SV Raika Rapid Feffernitz"]

1.d4 Nf6 2.c4 g6 3.Nc3 d5 4.cxd5 Nxd5 5.Bd2 Nb6 6.Bf4 Bg7 7.Nf3 O-O 8.Rc1 c6 9.h3
Nd5 10.Bd2 Bf5 11.e3 Nxc3 12.Bxc3 Nd7 13.Bd3 Bxd3 14.Qxd3 Nf6 15.Qc4 Ne4 16.O-O e6
17.Rfd1 Qb6 18.Bb4 Rfd8 19.b3 Rd5 20.Be1 Rad8 21.Qc2 f5 22.b4 Qc7 23.Nd2 Nxd2 24.Rxd2
Qd7 25.Qb3 Bf6 26.Rc5 Be7 27.Rxd5 Qxd5 28.Rb2 a6 29.a4 Kf7 30.Kf1 Rd7 31.Rb1 h5 32.Rb2
g5 33.Rb1 g4 34.Qxd5 Rxd5 35.Bc3 Bf6 36.Ke2 gxh3 37.gxh3 Rd8 38.Rg1 Rg8 39.Rxg8 Kxg8
40.Kd3 Kf7 41.f4 Ke7 42.Be1 Kd7 43.Kc4 b6 44.a5 bxa5 45.bxa5 Be7 46.Bd2 Ba3 47.Kb3
Be7 48.Kc4 Bf8 49.Bc1 Bd6 50.Bd2 Kc7 51.Bc1 Be7 52.Bd2 Bh4 53.Bb4 Bf2 54.Kd3 Kd7 55.Bd2
Bh4 56.Kc4 Be7 57.Bc1 Bd8 58.Bd2 Be7  1/2-1/2

[Event "1. Bundesliga 2019/2020"]
[Site "Volkshaus Bindermichl, Linz"]
[Date "2019.10.12"]
[Round "3"]
[Board "5"]
[White "Diermair, Andreas"]
[Black "Gretz, Denis"]
[Result "1-0"]
[WhiteElo "2477"]
[BlackElo "2318"]
[PlyCount "83"]
[EventDate "2019.10.10"]
[EventType "team"]
[EventRounds "11"]
[EventCountry "AUT"]
[WhiteTeam "SV Raika Rapid Feffernitz"]
[BlackTeam "SK Sparkasse Goetzis"]

1.d4 f5 2.Nc3 Nf6 3.Bg5 d5 4.e3 e6 5.Nf3 a6 6.Ne2 h6 7.Bh4 Bd6 8.Ne5 O-O 9.c4 dxc4
10.Nxc4 b5 11.Nxd6 cxd6 12.f3 Bb7 13.Nc3 Nbd7 14.Qb3 Re8 15.Bd3 Kh8 16.O-O g5 17.Bg3
Qb6 18.Qb4 f4 19.exf4 Nh5 20.fxg5 Nxg3 21.hxg3 a5 22.Qxb5 Qxd4+ 23.Rf2 Nc5 24.Bf1
Ba6 25.Rd1 Qxf2+ 26.Kxf2 Bxb5 27.Nxb5 Red8 28.Nxd6 Kh7 29.Be2 hxg5 30.Rh1+ Kg7 31.Nc4
Na4 32.Rh5 Rd5 33.b3 Kg6 34.g4 Nc3 35.Bd3+ Kg7 36.Nb6 Rad8 37.Nxd5 Rxd5 38.Bc4 Rd2+
39.Ke3 Rxa2 40.Rxg5+ Kf6 41.Rh5 e5 42.Rf5+  1-0

[Event "1. Bundesliga 2019/2020"]
[Site "Volkshaus Bindermichl, Linz"]
[Date "2019.10.12"]
[Round "3"]
[Board "6"]
[White "Neyman, Igor"]
[Black "Sebenik, Matej"]
[Result "1/2-1/2"]
[WhiteElo "2345"]
[BlackElo "2498"]
[PlyCount "76"]
[EventDate "2019.10.10"]
[EventType "team"]
[EventRounds "11"]
[EventCountry "AUT"]
[WhiteTeam "SK Sparkasse Goetzis"]
[BlackTeam "SV Raika Rapid Feffernitz"]

1.d4 Nf6 2.c4 e6 3.Nc3 Bb4 4.Nf3 d5 5.cxd5 exd5 6.Bg5 h6 7.Bxf6 Qxf6 8.a3 Bxc3+ 9.bxc3
O-O 10.e3 c5 11.Be2 Bf5 12.O-O c4 13.Nd2 Qe6 14.Re1 Nd7 15.e4 Bxe4 16.Bxc4 Qc6 17.Bb3
Nf6 18.Rc1 b5 19.a4 a6 20.Nf1 bxa4 21.Bxa4 Qb6 22.Ne3 Rfd8 23.Ra1 a5 24.Ra3 Rdb8 25.f3
Bg6 26.Qd2 Qd6 27.Rea1 Rb1+ 28.Bd1 Rxa1 29.Rxa1 Qb6 30.c4 dxc4 31.Nxc4 Qe6 32.Rxa5
Rd8 33.Ne3 Qb6 34.Ra4 Re8 35.Ra3 Rd8 36.Ra4 Re8 37.Ra3 Rd8 38.Ra4 Re8  1/2-1/2

[Event "1. Bundesliga 2019/2020"]
[Site "Volkshaus Bindermichl, Linz"]
[Date "2019.10.12"]
[Round "3"]
[Board "1"]
[White "Michalik, Peter"]
[Black "Navara, David"]
[Result "1/2-1/2"]
[WhiteElo "2585"]
[BlackElo "2719"]
[PlyCount "82"]
[EventDate "2019.10.10"]
[EventType "team"]
[EventRounds "11"]
[EventCountry "AUT"]
[WhiteTeam "Mayrhofen/SK Zell Zillertal"]
[BlackTeam "SC MPOE Maria Saal"]

1.d4 Nf6 2.c4 e6 3.Nf3 b6 4.g3 Ba6 5.Qc2 c5 6.d5 exd5 7.cxd5 Bb7 8.Bg2 Nxd5 9.O-O
Nc6 10.Rd1 Be7 11.Qa4 Nf6 12.Nh4 O-O 13.Nf5 d5 14.Nc3 Nd4 15.Nxd4 cxd4 16.Qxd4 Bc5
17.Qa4 Qe8 18.Qxe8 Rfxe8 19.e3 Rad8 20.Bd2 Ne4 21.Be1 d4 22.Nxe4 Bxe4 23.b4 Bxg2 24.Kxg2
Be7 25.Rxd4 Rxd4 26.exd4 Rc8 27.Kf3 f5 28.a3 Kf7 29.Rd1 Ke6 30.d5+ Kd7 31.Rd3 Bf6
32.Bd2 Rc4 33.h4 Rd4 34.Rxd4 Bxd4 35.Bf4 b5 36.Ke2 a6 37.f3 g6 38.Kd3 Bf6 39.Kc2 Be7
40.Kc3 Bf6+ 41.Kc2 Be7  1/2-1/2

[Event "1. Bundesliga 2019/2020"]
[Site "Volkshaus Bindermichl, Linz"]
[Date "2019.10.12"]
[Round "3"]
[Board "2"]
[White "Handler, Lukas"]
[Black "Miesbauer, Jan"]
[Result "1-0"]
[WhiteElo "2420"]
[BlackElo "2384"]
[PlyCount "95"]
[EventDate "2019.10.10"]
[EventType "team"]
[EventRounds "11"]
[EventCountry "AUT"]
[WhiteTeam "SC MPOE Maria Saal"]
[BlackTeam "Mayrhofen/SK Zell Zillertal"]

1.d4 d5 2.Nf3 Nf6 3.c4 e6 4.Nc3 a6 5.cxd5 exd5 6.Bg5 Be6 7.e3 Nbd7 8.Bd3 Bd6 9.O-O
O-O 10.Qc2 h6 11.Bf4 Qe7 12.h3 Rfe8 13.Ne5 c5 14.Nxd7 Nxd7 15.Bxd6 Qxd6 16.dxc5 Nxc5
17.Rfd1 Qe5 18.b4 Nd7 19.Ne2 Rac8 20.Qd2 Nf6 21.Nf4 Qc3 22.Qxc3 Rxc3 23.Rac1 Rec8
24.Ne2 Ra3 25.Rxc8+ Bxc8 26.Bb1 Be6 27.Rd2 Kf8 28.Nd4 Ke7 29.Rd3 Rxd3 30.Bxd3 Nd7
31.Kf1 Ne5 32.Ke2 Kd6 33.Kd2 g5 34.Kc3 Nd7 35.a4 Nf6 36.a5 Ng8 37.Be2 Ne7 38.Bg4 Ng6
39.Be2 Bd7 40.Bh5 Nh4 41.g3 Ng6 42.Bg4 Ne7 43.Bxd7 Kxd7 44.b5 Nc8 45.Kb4 axb5 46.Nxb5
Ne7 47.Kc5 Kc8 48.Nd6+  1-0

[Event "1. Bundesliga 2019/2020"]
[Site "Volkshaus Bindermichl, Linz"]
[Date "2019.10.12"]
[Round "3"]
[Board "3"]
[White "Platzgummer, Fabian"]
[Black "Kreisl, Robert"]
[Result "1-0"]
[WhiteElo "2336"]
[BlackElo "2401"]
[PlyCount "105"]
[EventDate "2019.10.10"]
[EventType "team"]
[EventRounds "11"]
[EventCountry "AUT"]
[WhiteTeam "Mayrhofen/SK Zell Zillertal"]
[BlackTeam "SC MPOE Maria Saal"]

1.Nf3 d5 2.g3 g6 3.Bg2 Bg7 4.d4 Nf6 5.c4 e6 6.O-O O-O 7.Qc2 b6 8.Ne5 Bb7 9.Nc3 Na6
10.Bg5 c6 11.Rfd1 Rc8 12.Rac1 Qe8 13.Qd2 Nd7 14.Bh6 Nxe5 15.Bxg7 Kxg7 16.dxe5 Rd8
17.Qg5 h6 18.Qf6+ Kh7 19.h4 Nc5 20.Rd2 Nd7 21.Qf4 f6 22.exf6 e5 23.Qf3 Nxf6 24.cxd5
cxd5 25.Qd3 e4 26.Qd4 Ng4 27.Nxe4 Qf7 28.Ng5+ hxg5 29.Qxg4 Qxf2+ 30.Kh2 Rc8 31.Rf1
Qe3 32.Qxg5 Qxg5 33.hxg5 Rxf1 34.Bxf1 Re8 35.Bg2 Kg8 36.g4 Kf8 37.Kg3 Re7 38.Kf4 Rf7+
39.Ke5 Ke7 40.Bf3 Rf8 41.Rc2 Kd7 42.Rc1 Re8+ 43.Kf6 Re6+ 44.Kf7 Re7+ 45.Kxg6 Ba6 46.Rc2
d4 47.Rd2 Re6+ 48.Kf5 Rd6 49.Ke5 Bc4 50.b3 Re6+ 51.Kxd4 Rd6+ 52.Kc3 Rxd2 53.Kxd2  1-0

[Event "1. Bundesliga 2019/2020"]
[Site "Volkshaus Bindermichl, Linz"]
[Date "2019.10.12"]
[Round "3"]
[Board "4"]
[White "Buhmann, Rainer"]
[Black "Maiwald, Jens-Uwe"]
[Result "1/2-1/2"]
[WhiteElo "2581"]
[BlackElo "2437"]
[PlyCount "60"]
[EventDate "2019.10.10"]
[EventType "team"]
[EventRounds "11"]
[EventCountry "AUT"]
[WhiteTeam "SC MPOE Maria Saal"]
[BlackTeam "Mayrhofen/SK Zell Zillertal"]

1.e4 c5 2.Nf3 e6 3.d4 cxd4 4.Nxd4 Nc6 5.Nc3 Qc7 6.Be3 a6 7.Qf3 Nf6 8.O-O-O Rb8 9.Be2
Bb4 10.Nxc6 bxc6 11.Bd4 Bd6 12.g3 e5 13.Ba7 Rb7 14.Qe3 Be7 15.Bc5 d6 16.Ba3 O-O 17.Bxa6
Rb8 18.Bxc8 Rfxc8 19.Rd3 d5 20.Bxe7 Qxe7 21.Qe2 Qb4 22.Nd1 Qc4 23.Re3 Qa4 24.Ra3 Qxe4
25.Qxe4 Nxe4 26.Re1 f6 27.b3 Rc7 28.Ra5 Kf7 29.f4 Ke6 30.Ne3 g5  1/2-1/2

[Event "1. Bundesliga 2019/2020"]
[Site "Volkshaus Bindermichl, Linz"]
[Date "2019.10.12"]
[Round "3"]
[Board "5"]
[White "Hausner, Ivan"]
[Black "Halvax, Georg"]
[Result "0-1"]
[WhiteElo "2339"]
[BlackElo "2415"]
[PlyCount "84"]
[EventDate "2019.10.10"]
[EventType "team"]
[EventRounds "11"]
[EventCountry "AUT"]
[WhiteTeam "Mayrhofen/SK Zell Zillertal"]
[BlackTeam "SC MPOE Maria Saal"]

1.g3 d5 2.Nf3 Bg4 3.Bg2 e6 4.d3 Nf6 5.Nbd2 c5 6.h3 Bh5 7.g4 Bg6 8.Ne5 Nc6 9.Nxg6 hxg6
10.e3 Qc7 11.Qe2 Bd6 12.Nf3 O-O-O 13.Bd2 Kb8 14.O-O-O e5 15.e4 d4 16.Kb1 b5 17.Rc1
Nd7 18.c3 f6 19.cxd4 cxd4 20.Qd1 Qb6 21.Qb3 Nc5 22.Qc2 Rc8 23.Bf1 a5 24.Qd1 a4 25.Be2
a3 26.bxa3 Kb7 27.Ne1 Ra8 28.Nc2 Ra4 29.Ka1 Ne6 30.Rb1 Bxa3 31.Nxa3 Rxa3 32.Rb2 Rha8
33.Qb1 Nc5 34.Rc1 b4 35.Rxc5 Qxc5 36.Bxb4 Nxb4 37.Rxb4+ Ka6 38.Rc4 Qb5 39.Qc2 Rb8
40.f4 exf4 41.Rc5 Qb4 42.Rc4 Rc3  0-1

[Event "1. Bundesliga 2019/2020"]
[Site "Volkshaus Bindermichl, Linz"]
[Date "2019.10.12"]
[Round "3"]
[Board "6"]
[White "Naumann, Alexander"]
[Black "Tabernig, Bernhard"]
[Result "1-0"]
[WhiteElo "2539"]
[BlackElo "2282"]
[PlyCount "103"]
[EventDate "2019.10.10"]
[EventType "team"]
[EventRounds "11"]
[EventCountry "AUT"]
[WhiteTeam "SC MPOE Maria Saal"]
[BlackTeam "Mayrhofen/SK Zell Zillertal"]

1.e4 e6 2.d4 d5 3.Nd2 Be7 4.Ngf3 Nf6 5.e5 Nfd7 6.Bd3 c5 7.c3 Nc6 8.O-O a5 9.a4 cxd4
10.cxd4 Nb4 11.Bb5 O-O 12.Re1 Nb6 13.Nb1 Bd7 14.Nc3 Bxb5 15.axb5 h6 16.Bf4 Qd7 17.b3
Rfc8 18.Re3 Rc7 19.Nd2 Qc8 20.Ndb1 Kh7 21.Rg3 Qf8 22.Rf3 Nd7 23.Ne2 b6 24.Nbc3 Rac8
25.Qd2 g5 26.Bg3 Qg7 27.Re3 Qg6 28.Rc1 h5 29.h3 Rf8 30.Kh1 Rfc8 31.Bh2 Bf8 32.g4 Bh6
33.Ng3 h4 34.Nh5 Bg7 35.Kg2 Nf8 36.Rf3 Bh8 37.Re3 Qh6 38.f4 Ng6 39.Rf3 gxf4 40.Bxf4
Nxf4+ 41.Nxf4 f6 42.exf6 Bxf6 43.Rcf1 Bg5 44.R1f2 Rf8 45.Nce2 Rc2 46.Qe3 Rf6 47.Qe5
Bxf4 48.Nxf4 Rxf2+ 49.Rxf2 Qf8 50.Kg1 Qe7 51.Qg5 Qg7 52.Qxg7+  1-0

[Event "1. Bundesliga 2019/2020"]
[Site "Volkshaus Bindermichl, Linz"]
[Date "2019.10.12"]
[Round "3"]
[Board "1"]
[White "Schneider, Ilja"]
[Black "Dragnev, Valentin"]
[Result "1/2-1/2"]
[WhiteElo "2486"]
[BlackElo "2551"]
[PlyCount "236"]
[EventDate "2019.10.10"]
[EventType "team"]
[EventRounds "11"]
[EventCountry "AUT"]
[WhiteTeam "SK Hohenems"]
[BlackTeam "mpimmo Wien - SK Ottakring"]

1.e4 e5 2.Nf3 Nc6 3.Nc3 Nf6 4.d4 exd4 5.Nxd4 Bb4 6.Nxc6 bxc6 7.Bd3 d5 8.exd5 O-O 9.O-O
cxd5 10.Qf3 c6 11.h3 Bd6 12.Bf4 Qc7 13.Bxd6 Qxd6 14.Rfe1 c5 15.Rad1 Bb7 16.b3 Rfe8
17.Nb5 Qb6 18.Qf4 Rad8 19.Qc7 Qxc7 20.Nxc7 Rxe1+ 21.Rxe1 Kf8 22.c4 dxc4 23.Bxc4 g6
24.Nb5 Rd2 25.Nxa7 Rxa2 26.Nb5 Rd2 27.Nc3 Rd4 28.Ra1 Nd7 29.Ra7 Bc6 30.Rc7 Rd6 31.Nb5
Rd1+ 32.Kh2 Ne5 33.Na7 Nxc4 34.bxc4 Bd7 35.Rxc5 Ke7 36.Nc8+ Kd8 37.Nb6 Be6 38.g4 Rc1
39.Nd5 Kd7 40.Nf4 Bxc4 41.Ng2 Kd6 42.Rc8 Kd7 43.Rh8 g5 44.Rxh7 Ke7 45.Rh5 f6 46.Rh7+
Bf7 47.h4 Kf8 48.Rh8+ Kg7 49.Rd8 Be6 50.Kg3 gxh4+ 51.Kxh4 Rc2 52.Nf4 Bxg4 53.Kxg4
Rxf2 54.Kf5 Kf7 55.Rd7+ Ke8 56.Rh7 Kd8 57.Ke4 Rd2 58.Nd5 Kc8 59.Rf7 Kb8 60.Nb4 Kc8
61.Nd5 Kb8 62.Rd7 Rd1 63.Ke3 f5 64.Kf4 Re1 65.Rh7 Re4+ 66.Kg5 f4 67.Kf5 Re1 68.Kxf4
Kc8 69.Ne3 Rc1 70.Ke5 Rc7 71.Rh8+ Kb7 72.Kd5 Rg7 73.Kc5 Kc7 74.Ra8 Rg5+ 75.Nd5+ Kd7
76.Ra6 Rg1 77.Rd6+ Ke8 78.Rf6 Kd7 79.Rd6+ Ke8 80.Re6+ Kf7 81.Rf6+ Kg7 82.Rf2 Re1 83.Kd4
Re8 84.Nf4 Kf6 85.Nd3+ Kg5 86.Nc5 Kg6 87.Ne4 Ra8 88.Rf6+ Kg7 89.Rb6 Ra5 90.Nc3 Rh5
91.Nd5 Rh6 92.Rb7+ Kg6 93.Ke4 Rh1 94.Nf4+ Kf6 95.Rb6+ Ke7 96.Ng6+ Kd7 97.Ne5+ Kc7
98.Rc6+ Kb7 99.Rc2 Rd1 100.Nf3 Rd8 101.Nd4 Rc8 102.Rb2+ Kc7 103.Kd5 Rd8+ 104.Kc5 Rh8
105.Ne6+ Kd7 106.Nf4 Rc8+ 107.Kd5 Ke7 108.Ke5 Kd7 109.Ne6 Rh8 110.Rd2+ Ke7 111.Ng7
Rd8 112.Nf5+ Ke8 113.Nd6+ Ke7 114.Rh2 Kd7 115.Kd5 Kc7 116.Rh7+ Rd7 117.Rh6 Rd8 118.Kc5
Rd7  1/2-1/2

[Event "1. Bundesliga 2019/2020"]
[Site "Volkshaus Bindermichl, Linz"]
[Date "2019.10.12"]
[Round "3"]
[Board "2"]
[White "Banusz, Tamas"]
[Black "Breder, Dennis"]
[Result "0-1"]
[WhiteElo "2623"]
[BlackElo "2464"]
[PlyCount "76"]
[EventDate "2019.10.10"]
[EventType "team"]
[EventRounds "11"]
[EventCountry "AUT"]
[WhiteTeam "mpimmo Wien - SK Ottakring"]
[BlackTeam "SK Hohenems"]

1.d4 e6 2.Nf3 c5 3.g3 Nf6 4.Bg2 cxd4 5.O-O d5 6.Nxd4 e5 7.Nf3 Nc6 8.c4 d4 9.e3 Be7
10.exd4 exd4 11.Bf4 Be6 12.Ne5 Rc8 13.Nxc6 bxc6 14.Be5 c5 15.Bb7 Bxc4 16.Re1 Be6 17.Bxc8
Qxc8 18.Nd2 O-O 19.Rc1 Rd8 20.Bxf6 Bxf6 21.Ne4 Rd5 22.Nxf6+ gxf6 23.Qd3 Qb7 24.b3
Kg7 25.f3 a5 26.Kf2 Qb4 27.Re2 h5 28.Rce1 Rd6 29.Qd2 Qb6 30.Re4 a4 31.Rh4 Rd5 32.g4
axb3 33.axb3 d3 34.Rxh5 c4+ 35.Kg2 Rxh5 36.gxh5 Qxb3 37.h6+ Kh7 38.Rc1 Qb5  0-1

[Event "1. Bundesliga 2019/2020"]
[Site "Volkshaus Bindermichl, Linz"]
[Date "2019.10.12"]
[Round "3"]
[Board "3"]
[White "Atlas, Valery"]
[Black "Papp, Gabor"]
[Result "1/2-1/2"]
[WhiteElo "2428"]
[BlackElo "2597"]
[PlyCount "178"]
[EventDate "2019.10.10"]
[EventType "team"]
[EventRounds "11"]
[EventCountry "AUT"]
[WhiteTeam "SK Hohenems"]
[BlackTeam "mpimmo Wien - SK Ottakring"]

1.e4 c5 2.Nf3 d6 3.d4 cxd4 4.Nxd4 Nf6 5.Nc3 a6 6.g3 e5 7.Nb3 Be7 8.Bg2 O-O 9.a4 Nc6
10.O-O Bg4 11.f3 Be6 12.Nd5 Bxd5 13.exd5 Nb4 14.f4 e4 15.a5 Qc8 16.Ra4 Nbxd5 17.Bxe4
Qc6 18.Qd4 b5 19.axb6 Nxe4 20.Qxe4 Bf6 21.Rc4 Qxb6+ 22.Kg2 Ne7 23.Rb4 Qd8 24.c4 d5
25.cxd5 Nxd5 26.Rb7 Rc8 27.Re1 Qd6 28.Kh3 Nc7 29.Qf3 Rfd8 30.f5 Nd5 31.Na5 Qc5 32.Nb3
Qc6 33.Na5 Qa4 34.Bd2 Qc2 35.Re2 Ne7 36.Bc3 Qxf5+ 37.Qxf5 Nxf5 38.Bxf6 gxf6 39.Rb6
Rd6 40.Rxd6 Nxd6 41.b3 f5 42.Ra2 Rc3 43.Nc4 Ne4 44.Kg2 Nc5 45.Nd6 Rxb3 46.Nxf5 h5
47.Rc2 Ne6 48.Ra2 Rb5 49.Nd6 Rb6 50.Nc8 Rb8 51.Nd6 Nc5 52.Ra5 Rb2+ 53.Kf3 Rc2 54.Ne4
Nb3 55.Rxa6 Rxh2 56.Rd6 Kg7 57.Rd5 f5 58.Rd7+ Kg6 59.Rd6+ Kf7 60.Nf2 Ke7 61.Rd3 Nc5
62.Rd1 Ne6 63.Rb1 Ng5+ 64.Kf4 Ne6+ 65.Kf3 Kd6 66.Rb8 Nd4+ 67.Ke3 Nc6 68.Rf8 Ke6 69.Nd3
Ne7 70.Nf4+ Ke5 71.Rh8 Ra2 72.Nxh5 Nd5+ 73.Kf3 Ra3+ 74.Kf2 Nc3 75.Re8+ Kd6 76.Rd8+
Ke7 77.Rd3 Ne4+ 78.Ke3 Ra1 79.Kf4 Nd6 80.Ng7 Rf1+ 81.Ke3 Re1+ 82.Kf2 Re5 83.Kf3 Ra5
84.g4 fxg4+ 85.Kxg4 Nf7 86.Re3+ Ne5+ 87.Kf5 Kf7 88.Rxe5 Rxe5+ 89.Kxe5 Kxg7  1/2-1/2

[Event "1. Bundesliga 2019/2020"]
[Site "Volkshaus Bindermichl, Linz"]
[Date "2019.10.12"]
[Round "3"]
[Board "4"]
[White "Froewis, Georg"]
[Black "Henrichs, Thomas"]
[Result "1/2-1/2"]
[WhiteElo "2459"]
[BlackElo "2455"]
[PlyCount "83"]
[EventDate "2019.10.10"]
[EventType "team"]
[EventRounds "11"]
[EventCountry "AUT"]
[WhiteTeam "mpimmo Wien - SK Ottakring"]
[BlackTeam "SK Hohenems"]

1.Nf3 Nf6 2.c4 e6 3.b3 b6 4.Bb2 Bb7 5.Nc3 d5 6.e3 Nbd7 7.Rc1 a6 8.cxd5 exd5 9.Be2
Bd6 10.O-O O-O 11.Rc2 Re8 12.Qa1 Rc8 13.Rfc1 Bf8 14.d4 b5 15.Ne5 c5 16.Nxd7 Qxd7 17.dxc5
Rxc5 18.Rd2 Rec8 19.Bf3 Qc7 20.Ne2 Rxc1+ 21.Nxc1 Ne4 22.Rd1 Ng5 23.Bg4 Re8 24.Nd3
Ne6 25.Be5 Qc2 26.Bf5 d4 27.Rc1 Qe2 28.Re1 Qh5 29.e4 Nc5 30.Nf4 Qg5 31.Nh3 Qd2 32.Rd1
Qc3 33.Bxd4 Qxa1 34.Bxa1 Bxe4 35.Bxe4 Rxe4 36.Kf1 f6 37.f3 Re8 38.Nf4 Kf7 39.Nd5 Rd8
40.Ke2 Ne6 41.g3 Bc5 42.Bc3  1/2-1/2

[Event "1. Bundesliga 2019/2020"]
[Site "Volkshaus Bindermichl, Linz"]
[Date "2019.10.12"]
[Round "3"]
[Board "5"]
[White "Baenziger, Fabian"]
[Black "Lapcevic, Milos"]
[Result "1/2-1/2"]
[WhiteElo "2409"]
[BlackElo "2375"]
[PlyCount "120"]
[EventDate "2019.10.10"]
[EventType "team"]
[EventRounds "11"]
[EventCountry "AUT"]
[WhiteTeam "SK Hohenems"]
[BlackTeam "mpimmo Wien - SK Ottakring"]

1.Nf3 c5 2.g3 b6 3.Bg2 Bb7 4.c4 Nf6 5.O-O e6 6.Nc3 Be7 7.d4 cxd4 8.Qxd4 O-O 9.b3 d6
10.Bb2 a6 11.Rad1 Nbd7 12.Rfe1 Qc7 13.e4 Ne5 14.Nd2 Rfd8 15.Nf1 Rab8 16.Ne3 Bf8 17.Qd2
Bc6 18.Nc2 Qa7 19.Nd4 Ba8 20.h3 Nfd7 21.Kh2 Nc6 22.Nxc6 Bxc6 23.Qe3 Qa8 24.Ne2 e5
25.f4 b5 26.c5 Nxc5 27.fxe5 Bxe4 28.Bxe4 Qxe4 29.Qxe4 Nxe4 30.e6 Rbc8 31.Nd4 d5 32.Re2
Re8 33.exf7+ Kxf7 34.Nf5 Nf6 35.Red2 Ne4 36.Rg2 Red8 37.Ne3 Nc3 38.Rf2+ Ke6 39.Re1
Ne4 40.Rfe2 Re8 41.Rd1 Kf7 42.Kg2 Nf6 43.Kf3 Rc6 44.Bd4 Bb4 45.Rd3 Re4 46.Rf2 Rce6
47.Rc2 Kg6 48.Ng2 Bd6 49.Rc6 Bb8 50.Rc8 Nd7 51.Nh4+ Kf7 52.Nf5 Be5 53.Rd8 Nf6 54.Bxe5
R6xe5 55.Ne3 Re6 56.Nxd5 Nxd5 57.R8xd5 Re2 58.Rd2 R6e3+ 59.Kf4 Re4+ 60.Kf3 R4e3+  1/2-1/2